The pursuit of perfect: how to stop chasing perfection and start living a richer, happier life (Record no. 10739)
[ view plain ]
| 000 -LEADER | |
|---|---|
| fixed length control field | 00469 a2200157 4500 |
| 020 ## - INTERNATIONAL STANDARD BOOK NUMBER | |
| International Standard Book Number | 9780070147263 |
| 040 ## - CATALOGING SOURCE | |
| Original cataloging agency | DLC |
| Language of cataloging | DLC |
| 082 ## - DEWEY DECIMAL CLASSIFICATION NUMBER | |
| Classification number | 155.232 |
| 100 ## - MAIN ENTRY--PERSONAL NAME | |
| Personal name | Tal Ben-Shahar |
| 245 ## - TITLE STATEMENT | |
| Title | The pursuit of perfect: how to stop chasing perfection and start living a richer, happier life |
| Statement of responsibility, etc. | Tal Ben-Shahar |
| 260 ## - PUBLICATION, DISTRIBUTION, ETC. | |
| Place of publication, distribution, etc. | New Delhi |
| Name of publisher, distributor, etc. | Mcgraw Hill |
| Date of publication, distribution, etc. | 2010 |
| 300 ## - PHYSICAL DESCRIPTION | |
| Extent | 246 p. |
| 650 ## - SUBJECT ADDED ENTRY--TOPICAL TERM | |
| Topical term or geographic name entry element | Happiness--Self-acceptance |
| 700 ## - ADDED ENTRY--PERSONAL NAME | |
| Personal name | Tal Ben-Shahar |
| 942 ## - ADDED ENTRY ELEMENTS (KOHA) | |
| Koha item type | Book |
| Call number prefix | 155.232 BIN |
| Source of classification or shelving scheme | |
| Withdrawn status | Lost status | Damaged status | Not for loan | Collection code | Permanent Location | Current Location | Shelving location | Date acquired | Source of acquisition | Cost, normal purchase price | Total Checkouts | Total Renewals | Full call number | Barcode | Checked out | Date last seen | Date last checked out | Price effective from | Koha item type |
|---|---|---|---|---|---|---|---|---|---|---|---|---|---|---|---|---|---|---|---|
| Central Library (CL) | Central Library (CL) | General Stacks | 03/13/2012 | Saeed Book Bank | 494.41 | 7 | 3 | 155.232 BIN | SEECS010889 | 02/11/2020 | 12/06/2019 | 12/06/2019 | 01/05/2017 | Book |
